| 000 | 01369nam a22002297a 4500 | ||
|---|---|---|---|
| 999 |
_c57010 _d57010 |
||
| 003 | Ge_BSU | ||
| 005 | 20191004105355.0 | ||
| 008 | 191004s2019 ge ||||| |||| 00| 0 geo d | ||
| 020 | _a9789941462948 | ||
| 041 | _ageo | ||
| 080 | _a94(479.223)თ-80 | ||
| 100 |
_aთურმანიძე , ოთარ _93946 |
||
| 245 |
_aსაბჭოთა რეჟიმი და მასობრივი რეპრესიები აჭარაში (1921-1952 წლები) / _cოთარ თურმანიძე ; რედ : ვახტანგ გურული. |
||
| 264 |
_aბათუმი : _bბათუმის შოთა რუსთაველის სახელმწიფუ უნ-ტი, _c2019. |
||
| 300 |
_a639 გვ.: _c26 სმ. |
||
| 520 | _aრეზიუნ=მე ინგლისურ ენაზე | ||
| 653 | _aისტორია | ||
| 653 | _aმასობრივი რეპრესიები აჭარაში1921-1952წწ | ||
| 700 |
_aგურული, ვახტანგ _eრედაქტორი _9337 |
||
| 710 |
_eბათუმის შოთა რუსთაველის სახელმწიფო უნივერსიტეტი ნიკო ბერძენიშვილის ინსტიტუტი _94492 |
||
| 942 |
_2udc _cBK |
||